Integrated electronics: analog and digital circuits and systems (Record no. 66500)

000 -LEADER
fixed length control field 00941nam a2200289 4500
001 - CONTROL NUMBER
control field 2759615
003 - CONTROL NUMBER IDENTIFIER
control field NUST - PNEC
005 - DATE AND TIME OF LATEST TRANSACTION
control field 20170116180954.0
008 - FIXED-LENGTH DATA ELEMENTS--GENERAL INFORMATION
fixed length control field 720601s1972 nyua b 001 0 eng
010 ## - LIBRARY OF CONGRESS CONTROL NUMBER
LC control number 79172657
020 ## - INTERNATIONAL STANDARD BOOK NUMBER
International Standard Book Number 007Y854939
040 ## - CATALOGING SOURCE
Original cataloging agency DLC
Transcribing agency LIBRARY
Modifying agency DLC
050 00 - LIBRARY OF CONGRESS CALL NUMBER
Classification number TK7874
Item number .M525
082 00 - DEWEY DECIMAL CLASSIFICATION NUMBER
Classification number 621.38173 MIL
100 1# - MAIN ENTRY--PERSONAL NAME
Personal name Millman, Jacob,
245 10 - TITLE STATEMENT
Title Integrated electronics: analog and digital circuits and systems
Statement of responsibility, etc. Jacob Millman
260 ## - PUBLICATION, DISTRIBUTION, ETC.
Place of publication, distribution, etc. New York,
Name of publisher, distributor, etc. McGraw-Hill
Date of publication, distribution, etc. c.1972
300 ## - PHYSICAL DESCRIPTION
Extent xix, 911 p.
Other physical details illus.
Dimensions 24 cm.
490 0# - SERIES STATEMENT
Series statement McGraw-Hill electrical and electronic engineering series
504 ## - BIBLIOGRAPHY, ETC. NOTE
Bibliography, etc. note Includes bibliographical references.
650 #0 - SUBJECT ADDED ENTRY--TOPICAL TERM
Topical term or geographic name entry element Integrated circuits.
General subdivision EL
650 #0 - SUBJECT ADDED ENTRY--TOPICAL TERM
Topical term or geographic name entry element Digital electronics.
650 #0 - SUBJECT ADDED ENTRY--TOPICAL TERM
Topical term or geographic name entry element Electronic analog computers
General subdivision Circuits.
700 1# - ADDED ENTRY--PERSONAL NAME
Personal name Halkias, Christos C.,
Relator term joint author.
906 ## - LOCAL DATA ELEMENT F, LDF (RLIN)
a 7
b cbc
c orignew
d 2
e ncip
f 19
g y-gencatlg
942 ## - ADDED ENTRY ELEMENTS (KOHA)
Source of classification or shelving scheme
Koha item type Book
Holdings
Withdrawn status Lost status Source of classification or shelving scheme Damaged status Not for loan Permanent Location Current Location Shelving location Date acquired Total Checkouts Full call number Barcode Date last seen Price effective from Koha item type
          Pakistan Navy Engineering College (PNEC) Pakistan Navy Engineering College (PNEC)       621.38173 MIL PNECLIB-010648 09/09/2015   Book
          Pakistan Navy Engineering College (PNEC) Pakistan Navy Engineering College (PNEC)   09/09/2015   621.38173 MIL PNECLIB-010642 09/09/2015   Book
          Pakistan Navy Engineering College (PNEC) Pakistan Navy Engineering College (PNEC)       621.38173 MIL PNECLIB-010650 09/09/2015   Book
          Pakistan Navy Engineering College (PNEC) Pakistan Navy Engineering College (PNEC)       621.38173 MIL PNECLIB-010651 09/09/2015   Book
          Pakistan Navy Engineering College (PNEC) Pakistan Navy Engineering College (PNEC)       621.38173 MIL PNECLIB-010661 09/09/2015   Book
          Pakistan Navy Engineering College (PNEC) Pakistan Navy Engineering College (PNEC)       621.38173 MIL PNECLIB-010640 09/09/2015   Book
          Pakistan Navy Engineering College (PNEC) Pakistan Navy Engineering College (PNEC) Reference     621.38173 MIL PNECLIB-009272 09/09/2015   Book
          Pakistan Navy Engineering College (PNEC) Pakistan Navy Engineering College (PNEC)       621.38173 MIL PNECLIB-010663 09/09/2015   Book
          Pakistan Navy Engineering College (PNEC) Pakistan Navy Engineering College (PNEC)       621.38173 MIL PNECLIB-010655 09/09/2015   Book
          Pakistan Navy Engineering College (PNEC) Pakistan Navy Engineering College (PNEC)       621.38173 MIL PNECLIB-016506 09/09/2015   Book
          Pakistan Navy Engineering College (PNEC) Pakistan Navy Engineering College (PNEC)       621.38173 MIL PNECLIB-016509 09/09/2015   Book
          Pakistan Navy Engineering College (PNEC) Pakistan Navy Engineering College (PNEC)       621.38173 MIL PNECLIB-016511 09/09/2015   Book
          Pakistan Navy Engineering College (PNEC) Pakistan Navy Engineering College (PNEC)       621.38173 MIL PNECLIB-016512 09/09/2015   Book
          Pakistan Navy Engineering College (PNEC) Pakistan Navy Engineering College (PNEC)       621.38173 MIL PNECLIB-016514 09/09/2015   Book
          Pakistan Navy Engineering College (PNEC) Pakistan Navy Engineering College (PNEC)       621.38173 MIL PNECLIB-016515 09/09/2015   Book
          Pakistan Navy Engineering College (PNEC) Pakistan Navy Engineering College (PNEC)       621.38173 MIL PNECLIB-006807 09/12/2015   Book
          Pakistan Navy Engineering College (PNEC) Pakistan Navy Engineering College (PNEC)       621.38173 MIL PNECLIB-010659 09/12/2015   Book
          Pakistan Navy Engineering College (PNEC) Pakistan Navy Engineering College (PNEC)       621.38173 MIL PNECLIB-006804 09/12/2015   Book
          Pakistan Navy Engineering College (PNEC) Pakistan Navy Engineering College (PNEC)       621.38173 MIL PNECLIB-010653 09/29/2015   Book
          Pakistan Navy Engineering College (PNEC) Pakistan Navy Engineering College (PNEC)       621.38173 MIL PNECLIB-013061 09/29/2015   Book
          Pakistan Navy Engineering College (PNEC) Pakistan Navy Engineering College (PNEC)   10/02/2015   621.38173 MIL PNECLIB-016507 10/02/2015   Book
          Pakistan Navy Engineering College (PNEC) Pakistan Navy Engineering College (PNEC)       621.38173 MIL PNECLIB-010644 10/02/2015   Book
          Pakistan Navy Engineering College (PNEC) Pakistan Navy Engineering College (PNEC)       621.38173 MIL PNECLIB-016508 10/27/2015   Book
          Pakistan Navy Engineering College (PNEC) Pakistan Navy Engineering College (PNEC)       621.38173 MIL PNECLIB-010662 10/27/2015   Book
© 2023 Central Library, National University of Sciences and Technology. All Rights Reserved.